Fashion and Environmental Sustainability (Record no. 81187)

MARC details
000 -LEADER
fixed length control field 03026namaa2200541uu 4500
001 - CONTROL NUMBER
control field doab134741
003 - CONTROL NUMBER IDENTIFIER
control field oapen
005 - DATE AND TIME OF LATEST TRANSACTION
control field 20260218110441.0
006 - FIXED-LENGTH DATA ELEMENTS--ADDITIONAL MATERIAL CHARACTERISTICS
fixed length control field m o d
007 - PHYSICAL DESCRIPTION FIXED FIELD--GENERAL INFORMATION
fixed length control field cr|mn|---annan
008 - FIXED-LENGTH DATA ELEMENTS--GENERAL INFORMATION
fixed length control field 240224s2024 xx |||||o ||| 0|eng d
020 ## - INTERNATIONAL STANDARD BOOK NUMBER
International Standard Book Number 9783110795202
020 ## - INTERNATIONAL STANDARD BOOK NUMBER
International Standard Book Number 9783110795431
020 ## - INTERNATIONAL STANDARD BOOK NUMBER
International Standard Book Number 9783110795431
020 ## - INTERNATIONAL STANDARD BOOK NUMBER
International Standard Book Number 9783110795516
024 7# - OTHER STANDARD IDENTIFIER
Standard number or code 10.1515/9783110795431
Source of number or code doi
040 ## - CATALOGING SOURCE
Original cataloging agency oapen
Transcribing agency oapen
Modifying agency
041 0# - LANGUAGE CODE
Language code of text/sound track or separate title eng
042 ## - AUTHENTICATION CODE
Authentication code dc
245 00 - TITLE STATEMENT
Title Fashion and Environmental Sustainability
Remainder of title Entrepreneurship, Innovation and Technology
260 ## - PUBLICATION, DISTRIBUTION, ETC.
Place of publication, distribution, etc. Berlin/Boston
Name of publisher, distributor, etc. De Gruyter
Date of publication, distribution, etc. 2024
300 ## - PHYSICAL DESCRIPTION
Extent 1 online resource (365 p.)
336 ## - CONTENT TYPE
Content type term text
Content type code txt
Source rdacontent
337 ## - MEDIA TYPE
Media type term computer
Media type code c
Source rdamedia
338 ## - CARRIER TYPE
Carrier type term online resource
Carrier type code cr
Source rdacarrier
506 0# - RESTRICTIONS ON ACCESS NOTE
Standardized terminology for access restriction Unrestricted online access
Source of term star
520 ## - SUMMARY, ETC.
Summary, etc. The wide range of topics that the book covers are organised into sections reflecting a cradle to grave view of how entrepreneurial, innovative, and tech-savvy approaches can advance environmental sustainability in the fashion sector. These sections include: sustainable materials; innovation in design, range planning and product development; sustainable innovations in fashion supply chains; sustainable innovations in fashion retail and marketing; sustainable alternatives for end-of-life and circular economy initiatives; and more sustainable alternative fashion business models. ; The wide range of topics that the book covers are organised into sections reflecting a cradle to grave view of how entrepreneurial, innovative, and tech-savvy approaches can advance environmental sustainability in the fashion sector. These sections include: sustainable materials; innovation in design, range planning and product development; sustainable innovations in fashion supply chains; sustainable innovations in fashion retail and marketing; sustainable alternatives for end-of-life and circular economy initiatives; and more sustainable alternative fashion business models.
540 ## - TERMS GOVERNING USE AND REPRODUCTION NOTE
Terms governing use and reproduction Creative Commons
-- by/4.0
-- cc
Uniform Resource Identifier <a href="http://creativecommons.org/licenses/by/4.0">http://creativecommons.org/licenses/by/4.0</a>
546 ## - LANGUAGE NOTE
Language note English
650 #7 - SUBJECT ADDED ENTRY--TOPICAL TERM
Topical term or geographic name entry element Business & the environment, 'Green' approaches to business
Source of heading or term bicssc
650 #7 - SUBJECT ADDED ENTRY--TOPICAL TERM
Topical term or geographic name entry element Business innovation
Source of heading or term bicssc
650 #7 - SUBJECT ADDED ENTRY--TOPICAL TERM
Topical term or geographic name entry element Entrepreneurship
Source of heading or term bicssc
650 #7 - SUBJECT ADDED ENTRY--TOPICAL TERM
Topical term or geographic name entry element Ownership & organization of enterprises
Source of heading or term bicssc
650 #7 - SUBJECT ADDED ENTRY--TOPICAL TERM
Topical term or geographic name entry element Retail sector
Source of heading or term bicssc
720 1# - ADDED ENTRY--UNCONTROLLED NAME
Name Dana, Léo-Paul
Relator code edt
720 1# - ADDED ENTRY--UNCONTROLLED NAME
Name Boardman, Rosy
Relator code edt
720 1# - ADDED ENTRY--UNCONTROLLED NAME
Name Boardman, Rosy
Relator code oth
720 1# - ADDED ENTRY--UNCONTROLLED NAME
Name Brandstrup, Michelle
Relator code edt
720 1# - ADDED ENTRY--UNCONTROLLED NAME
Name Brandstrup, Michelle
Relator code oth
720 1# - ADDED ENTRY--UNCONTROLLED NAME
Name Dana, Léo-Paul
Relator code oth
720 1# - ADDED ENTRY--UNCONTROLLED NAME
Name Pereira, Vijay
Relator code edt
720 1# - ADDED ENTRY--UNCONTROLLED NAME
Name Pereira, Vijay
Relator code oth
720 1# - ADDED ENTRY--UNCONTROLLED NAME
Name Salamzadeh, Aidin
Relator code edt
720 1# - ADDED ENTRY--UNCONTROLLED NAME
Name Salamzadeh, Aidin
Relator code oth
793 0# -
-- DOAB Library.
856 ## - ELECTRONIC LOCATION AND ACCESS
Uniform Resource Identifier <a href="https://docs.google.com/spreadsheets/d/1yKIrdCPDAG_9c22mwoOIO2DOhtj65Wqa/edit?usp=sharing&ouid=106555315294820607512&rtpof=true&sd=true ">https://docs.google.com/spreadsheets/d/1yKIrdCPDAG_9c22mwoOIO2DOhtj65Wqa/edit?usp=sharing&ouid=106555315294820607512&rtpof=true&sd=true </a>
Link text List of Curated E-Books
942 ## - ADDED ENTRY ELEMENTS (KOHA)
Koha item type E-Book
Holdings
Withdrawn status Damaged status Not for loan Home library Current library Date acquired Total Checkouts Date last seen Price effective from Koha item type
      Directory of Open Access Books Directory of Open Access Books 12/09/2024   12/09/2024 12/09/2024 E-Book

University of Rizal System
Email us at univlibservices@urs.edu.ph

Visit our Website www.urs.edu.ph/library